Rakovina pľúc rady nielen pre postihnutých

Bibliographic Details
Format: Book
Language:Slovak
PhysicalDescription:44 s. tab. 21 cm
Published: Bratislava Liga proti rakovine SR c2008
ISBN:9788089201396 (brož.)
Edition:1. vyd.
Subjects:

MARC

LEADER 00000nam a2200000 a 4500
001 vtls009468265
003 SK-MaSNL
005 20260302043521.0
008 160208s2008 xo a g 000 0 slo
015 |a SNBA2009/03-01065 
020 |a 9788089201396 (brož.) 
035 |a 9C270E1A-B13F-4E8F-AFAD-0C1DFAD7A092 
035 |a urn:nbn:sk:snk-amk826 
035 |a urn:nbn:sk:snk-am008jis 
040 |a SNK  |b slo  |c SNK  |e AACR2 
041 0 |a slo 
044 |a xo  |c SK 
072 7 |a 616  |x Patológia. Klinická medicína  |2 konspekt 
080 |a 616.24-006.04  |2 2001 
080 |a 616-07  |2 2001 
080 |a 616-08  |2 2001 
080 |a (035)  |2 2001 
245 0 0 |a Rakovina pľúc  |b rady nielen pre postihnutých 
250 |a 1. vyd. 
260 |a Bratislava  |b Liga proti rakovine SR  |c c2008 
300 |a 44 s.  |b tab.  |c 21 cm 
500 |a S čiastočným použitím nem. orig. Bronchialkarzinom 
504 |a Vysvetl. odb. výrazov 
650 0 7 |a rakovina pľúc  |2 SNKPH  |9 28339 
650 0 7 |a Pulmonary cancer  |2 SNKPHeng  |9 445347 
650 0 7 |a diagnostika (medicína)  |2 SNKPH  |9 28740 
650 0 7 |a terapia  |2 SNKPH  |9 781 
650 0 7 |a Medical diagnostics  |2 SNKPHeng  |9 268685 
650 0 7 |a Therapy  |2 SNKPHeng  |9 267006 
655 7 |a príručky  |2 SNKPH  |9 74364 
655 7 |a Handbooks, manuals, etc.  |2 SNKPHeng  |9 90964 
919 |a 978-80-89201-39-6 
958 |a MI 
958 |a OND 
968 |d 61 
999 |c 1086921  |d 1088851 
952 |a SNK  |b SNK  |y PREZ  |7 0  |p 17A0610064  |o snkSC 134350  |i snk2009/1554  |8 0  |0 0  |1 0  |4 0  |d 2009-02-02  |f 1  |l 0  |r 2025-06-30 00:00:00  |w 2026-02-24 
952 |a SNK  |b SNK  |y VYP  |7 0  |p 17A0610063  |o snkSC 134350 D1  |i snk2009/1555  |8 0  |0 0  |1 0  |4 0  |d 2009-02-02  |l 0  |r 2026-02-24 16:45:09  |w 2026-02-24